[Event "Yerevan Asrian Memorial 14th"]
[Site "Yerevan"]
[Date "2024.04.24"]
[Round "1"]
[White "Andreasyan, Edgar"]
[Black "Andriasian, Zaven"]
[Result "0-1"]
[WhiteElo "2051"]
[BlackElo "2570"]
[PlyCount "90"]
[EventDate "2024.04.24"]
[EventType "swiss"]
[EventRounds "9"]
[EventCountry "ARM"]
[SourceTitle "CB19_2024"]
[SourceDate "2024.05.08"]
[SourceVersion "1"]
[SourceVersionDate "2024.05.08"]
[SourceQuality "1"]

1. d4 Nf6 2. c4 g6 3. Nc3 Bg7 4. e4 d6 5. Be2 Nbd7 6. Bg5 a6 7. Nf3 e5 8. 0-0 0-0 9. d5 h6 10. Bh4 Qe8 11. Nd2 Nh7 12. b4 h5 13. f3 f5 14. Bf2 f4 15. c5 g5 16. Nc4 Qg6 17. Rc1 Bh6 18. cxd6 cxd6 19. Na4 g4 20. Kh1 g3 21. Bg1 h4 22. Bd3 h3 23. Rc2 Ng5 24. Re1 Rb8 25. Na5 Nf6 26. Bf1 Qh5 27. Qd3 Kh8 28. Nb6 hxg2+ 29. Bxg2 Bh3 30. Rf1 Nfxe4 31. Bxh3 Qxh3 32. Rg2 gxh2 33. Bf2 Ng3+ 34. Bxg3 fxg3 35. Qg6 Nxf3 36. Qxg3 Qxg3 37. Rxg3 Nh4 38. Re1 Rf4 39. Nac4 Rbf8 40. Ne3 Rxb4 41. Nec4 Rf4 42. Rc3 Nf3 43. Rd1 e4 44. Nc8 Rxc4 45. Rxc4 Rg4 0-1